ბათუმის შოთა რუსთაველის სახელმწიფო უნივერსიტეტის ბიბლიოთეკა

მცენარეთა დაცვის თანამედროვე საშუალებები და მათი გამოყენება / (ბიბ.ჩანაწერი № 37485)

000 -ლიდერი
ფიქსირებული სიგრძის საკონტროლო ველი 01027nam a2200241Ia 4500
001 - საკონტროლო ნომერი
საკონტროლო ველი 3447
003 - საკონტროლო ნომრის იდენტიფიკატორი
საკონტროლო ველი GE_BSU
005 - ბოლო ოპერაციის თარიღი და დრო
საკონტროლო ველი 20190618145905.0
008 - ფიქსირებული სიგრძის მონაცემთა ელემენტები - ზოგადი ინფორმაცია
ფიქსირებული სიგრძის საკონტროლო ველი 181216s2003||||ge |||||||||||||| ||geo||
020 ## - წიგნის საერთაშორისო სტანდარტული ნომერი
International Standard Book Number 9992804963
040 ## - კატალოგიზაციის წყარო
Transcribing agency GE_BSU
041 ## - ენის კოდი
Language code of text/sound track or separate title geo
080 ## - უნივერსალური ათობითი კლასიფიკაციის ინდექსი
Universal Decimal Classification number 632.9
100 ## - მთავარი ჩანაწერი - პიროვნების სახელი
Personal name ხიდეშელი, ზ.
9 (RLIN) 2543
245 ## - ცნობა სათაურის შესახებ
Title მცენარეთა დაცვის თანამედროვე საშუალებები და მათი გამოყენება /
Statement of responsibility, etc ზ. ხიდეშელი, კ. ხუციშვილი, რ. რევია ; ნ. შაყულაშვილის რედ.
264 ## - წარმოების, გამოცემის, დისტრიბუციის და სხვა ცნობები
გამოცემის, წარმოების, დისტრიბუციის... ადგილი თბილისი ,
გამოცემის, წარმოების, დისტრიბუციის... თარიღი 2003.
300 ## - ფიზიკური აღწერა
Extent 111 გვ. :
Other physical details 32ფ. ილ. ;
Dimensions 20სმ.
653 ## - INDEX TERM--UNCONTROLLED
Uncontrolled term მცენარეთა დაცვა
653 ## - INDEX TERM--UNCONTROLLED
Uncontrolled term პესტიციდები
700 ## - ADDED ENTRY--PERSONAL NAME
Personal name ხუციშვილი, კ.
Relator term ავტორი
9 (RLIN) 2544
700 ## - ADDED ENTRY--PERSONAL NAME
Personal name რევია, რ.
Relator term ავტორი
9 (RLIN) 2545
942 ## - ADDED ENTRY ELEMENTS (KOHA)
Koha item type წიგნი
Source of classification or shelving scheme
ეგზემპლარები
ჩამოწერის სტატუსი დაკარგული ეგზემპლარის სტატუსი კლასიფიკაციის წყარო ან თაროზე გაწყობის სქემა დაზიანების სტატუსი არ გაიცემა მუდმივი მდებარეობა (დაცვის ადგილი) ამჟამინდელი ადგილსამყოფელი თაროზე განთავსების ადგილი შეძენის თარიღი სრული შენახვის შიფრი შტრიხკოდი ბოლო ოპერაციის თარიღი ეგზემპლარის მიმდევრობითი ნომერი (კეტერი?) ფასის ძალაში შესვლის თარიღი ეგზემპლარის სახეობა საჯარო შენიშვნა
          ბათუმის შოთა რუსთაველის სახელმწიფო უნივერსიტეტის მთავარი ბიბლიოთეკა ბათუმის შოთა რუსთაველის სახელმწიფო უნივერსიტეტის მთავარი ბიბლიოთეკა წიგნსაცავი 2018-12-17 632.9 ხ–52 4963 2018-12-17 4963 2018-12-17 წიგნი